[Event "GBR-ch 91st"]
[Site "Scarborough"]
[Date "2004.08.02"]
[Round "1.1"]
[White "Ledger, David J"]
[Black "Hebden, Mark"]
[Result "0-1"]
[WhiteElo "2285"]
[BlackElo "2559"]
[PlyCount "48"]
[EventDate "2004.08.02"]
[EventType "swiss"]
[EventRounds "11"]
[EventCountry "GBR"]

1. e4 e5 2. Bc4 Nf6 3. d3 Nc6 4. Nf3 Be7 5. O-O O-O 6. c3 d6 7. Bb3 Na5 8. Bc2
c5 9. b4 cxb4 10. cxb4 Nc6 11. b5 Na5 12. d4 Bg4 13. dxe5 dxe5 14. Qxd8 Rfxd8
15. Nxe5 Rac8 16. Bb3 Nxb3 17. axb3 Be2 18. Be3 Bxf1 19. Kxf1 Rc2 20. g3 Nxe4
21. Rxa7 Nxf2 22. Na3 Bxa3 23. Rxa3 Ng4 24. Nxg4 Rd1# 0-1

[Event "GBR-ch 91st"]
[Site "Scarborough"]
[Date "2004.08.02"]
[Round "1.3"]
[White "Bigg, Andrew J"]
[Black "Motwani, Paul"]
[Result "0-1"]
[WhiteElo "2275"]
[BlackElo "2552"]
[PlyCount "96"]
[EventDate "2004.08.02"]
[EventType "swiss"]
[EventRounds "11"]
[EventCountry "GBR"]

1. d4 d5 2. Nf3 Nf6 3. c4 e6 4. Nc3 c6 5. Bg5 Nbd7 6. cxd5 exd5 7. Qc2 Be7 8.
O-O-O O-O 9. e3 Ne4 10. h4 f5 11. Bd3 Nb6 12. Bxe7 Qxe7 13. Ne5 Be6 14. g4 Nd7
15. Nxd7 Bxd7 16. Rde1 fxg4 17. Nxe4 dxe4 18. Bxe4 h6 19. Bd3 Rf6 20. e4 Raf8
21. Re2 Rf3 22. Rd1 Kh8 23. e5 Be6 24. Qc5 Qxh4 25. Qd6 Re8 26. Be4 Qg5+ 27.
Kb1 Rf7 28. Qc5 a6 29. Qc2 Ref8 30. a4 Rf4 31. Qc5 Rd8 32. Bc2 Kg8 33. a5 Rd7
34. Qc3 Qe7 35. Qd3 Rfxd4 36. Qxd4 Rxd4 37. Rxd4 Qc5 38. Rd8+ Kf7 39. Rb8 Qa7
40. Rd8 Ke7 41. Red2 Qc5 42. Rb8 Qxe5 43. Rxb7+ Kf6 44. Bb3 Bf5+ 45. Kc1 Qxa5
46. Rf7+ Kg6 47. Rd6+ Kh5 48. Bc2 Bxc2 0-1

[Event "GBR-ch 91st"]
[Site "Scarborough"]
[Date "2004.08.02"]
[Round "1.4"]
[White "Emms, John"]
[Black "Ashton, Adam"]
[Result "1-0"]
[WhiteElo "2508"]
[BlackElo "2270"]
[PlyCount "103"]
[EventDate "2004.08.02"]
[EventType "swiss"]
[EventRounds "11"]
[EventCountry "GBR"]

1. e4 e5 2. Nf3 Nc6 3. Bb5 a6 4. Ba4 Nf6 5. O-O Be7 6. Re1 b5 7. Bb3 d6 8. c3
O-O 9. d3 Na5 10. Bc2 c5 11. Nbd2 Re8 12. Nf1 Bb7 13. d4 cxd4 14. cxd4 Qc7 15.
d5 Rac8 16. Re2 Nh5 17. Ng3 Nxg3 18. hxg3 Nc4 19. Bd3 Nb6 20. Be3 Bd8 21. Rc2
Qb8 22. Rxc8 Bxc8 23. Rc1 Bd7 24. Nd2 Be7 25. b4 Rc8 26. Rxc8+ Bxc8 27. Qc2 Bd7
28. Nb3 Bd8 29. Na5 Qc7 30. Kf1 Qxc2 31. Bxc2 Bc7 32. Ke2 Kf8 33. Kd3 Ke7 34.
f4 exf4 35. gxf4 f5 36. Bb3 fxe4+ 37. Kxe4 g6 38. Nc6+ Kf7 39. Ne5+ Ke8 40.
Nxd7 Nxd7 41. g4 Kf7 42. g5 Bb6 43. Bd2 Bf2 44. Bd1 Nb6 45. Bg4 Na8 46. Be6+
Kf8 47. f5 gxf5+ 48. Bxf5 Kg7 49. Bf4 Bh4 50. Bc8 Kg6 51. Bxd6 Bxg5 52. Bxa6
1-0

[Event "GBR-ch 91st"]
[Site "Scarborough"]
[Date "2004.08.02"]
[Round "1.5"]
[White "Rendle, Thomas"]
[Black "Wells, Peter"]
[Result "1/2-1/2"]
[WhiteElo "2258"]
[BlackElo "2494"]
[PlyCount "37"]
[EventDate "2004.08.02"]
[EventType "swiss"]
[EventRounds "11"]
[EventCountry "GBR"]

1. f4 g6 2. Nf3 Bg7 3. g3 d6 4. d3 e5 5. Nc3 Ne7 6. Bg2 O-O 7. O-O h6 8. e4 c5
9. f5 gxf5 10. Nh4 f4 11. Qh5 Ng6 12. Nf5 Qg5 13. Qd1 Nc6 14. h4 Qd8 15. Qh5
Kh7 16. Nd5 Nb4 17. Nxb4 cxb4 18. Bd2 a5 19. c4 (19. Bc1 {is given in the
bulletin, but White says the text move was played.}) 1/2-1/2

[Event "GBR-ch 91st"]
[Site "Scarborough"]
[Date "2004.08.02"]
[Round "1.6"]
[White "Summerscale, Aaron"]
[Black "Rayner, Francis"]
[Result "1-0"]
[WhiteElo "2493"]
[BlackElo "2252"]
[PlyCount "67"]
[EventDate "2004.08.02"]
[EventType "swiss"]
[EventRounds "11"]
[EventCountry "GBR"]

1. Nf3 c5 2. c4 Nf6 3. g3 Nc6 4. Bg2 d5 5. cxd5 Nxd5 6. Nc3 Nc7 7. a3 e5 8. b4
Be6 9. Qa4 Bd7 10. b5 Nd4 11. Nxe5 Ncxb5 12. Nxd7 Qxd7 13. Nxb5 Nxb5 14. Qe4+
Be7 15. Qxb7 Rc8 16. Qxd7+ Kxd7 17. Bh3+ Kd6 18. Bxc8 Rxc8 19. Rb1 Kc6 20. Bb2
g6 21. O-O Rd8 22. d3 Nd6 23. Rfc1 Nf5 24. Bc3 Bg5 25. Rc2 Be7 26. Rcb2 Rd7 27.
Rb8 Nd6 28. Be5 f6 29. Bf4 g5 30. Be3 Nb7 31. Rc8+ Kd5 32. Rb5 Bd6 33. a4 Ke6
34. Ra8 1-0

[Event "GBR-ch 91st"]
[Site "Scarborough"]
[Date "2004.08.02"]
[Round "1.7"]
[White "Hutchinson, Paul A"]
[Black "Ward, Chris"]
[Result "0-1"]
[WhiteElo "2216"]
[BlackElo "2490"]
[PlyCount "98"]
[EventDate "2004.08.02"]
[EventType "swiss"]
[EventRounds "11"]
[EventCountry "GBR"]

1. d4 Nf6 2. Bg5 e6 3. e4 h6 4. Bxf6 Qxf6 5. c3 d5 6. e5 Qd8 7. Nf3 c5 8. dxc5
Bxc5 9. Bd3 Nc6 10. O-O a6 11. Nbd2 Bd7 12. Nb3 Bb6 13. Qe2 Qb8 14. Nbd4 Qa7
15. Nxc6 bxc6 16. Nd2 a5 17. Kh1 a4 18. f4 g6 19. Rf3 h5 20. Rc1 Ba5 21. Rh3
Bd8 22. g4 Be7 23. Rf1 O-O-O 24. g5 Kc7 25. Rc1 Rb8 26. Rc2 Bc5 27. Rf3 Kd8 28.
b4 axb3 29. Nxb3 Ke7 30. c4 Ba3 31. Rd2 Rb4 32. Rd1 Ra4 33. Qc2 Bb4 34. Nc1 Ra3
35. Rdf1 Rg8 36. Be2 Rxf3 37. Rxf3 Ra8 38. Bd3 Qa4 39. Qe2 Qa3 40. Rf1 Bc3 41.
Qc2 Qb2 42. cxd5 cxd5 43. Bxg6 fxg6 44. Qxg6 Rf8 45. f5 Bxe5 46. f6+ Kd6 47.
Qxh5 Bb5 48. Rd1 Qf2 49. Qh3 Rh8 0-1

[Event "GBR-ch 91st"]
[Site "Scarborough"]
[Date "2004.08.02"]
[Round "1.8"]
[White "Gormally, Daniel W"]
[Black "Surtees, Michael"]
[Result "1-0"]
[WhiteElo "2479"]
[BlackElo "2239"]
[PlyCount "53"]
[EventDate "2004.08.02"]
[EventType "swiss"]
[EventRounds "11"]
[EventCountry "GBR"]

1. d4 c6 2. c4 f6 3. Nc3 e5 4. Nf3 Bb4 5. dxe5 Bxc3+ 6. bxc3 Qa5 7. Qd4 Na6 8.
g3 fxe5 9. Nxe5 d6 10. Nd3 Nf6 11. Bd2 O-O 12. Bg2 Be6 13. O-O Rae8 14. Rab1
Qxa2 15. Bf4 c5 16. Qxd6 b6 17. Ra1 Qxe2 18. Rfe1 Qc2 19. Rec1 Qe2 20. Bf1 Qh5
21. Rxa6 Bxc4 22. Rxa7 Bd5 23. c4 Be4 24. Qc7 Qg6 25. Ne5 Rxe5 26. Bxe5 Ne8 27.
Qe7 1-0

[Event "GBR-ch 91st"]
[Site "Scarborough"]
[Date "2004.08.02"]
[Round "1.10"]
[White "Ledger, Andrew J"]
[Black "Snape, Ian"]
[Result "1-0"]
[WhiteElo "2452"]
[BlackElo "2228"]
[PlyCount "67"]
[EventDate "2004.08.02"]
[EventType "swiss"]
[EventRounds "11"]
[EventCountry "GBR"]

1. e4 c5 2. c3 e6 3. d4 d5 4. exd5 exd5 5. Nf3 Nc6 6. Bb5 Bd6 7. O-O Nge7 8.
dxc5 Bxc5 9. Nbd2 O-O 10. Nb3 Bb6 11. Nbd4 Nxd4 12. Nxd4 Nf5 13. Nf3 d4 14. Bg5
Qd5 15. c4 Qd6 16. Qd2 Bc7 17. Rac1 Qg6 18. c5 Be6 19. Bd3 Qh5 20. Bf4 Bd8 21.
Be4 Nh4 22. Nxh4 Bxh4 23. Bxb7 Rad8 24. Bd6 Rfe8 25. Qxd4 Bf6 26. Qb4 Bd5 27.
Bxd5 Qxd5 28. Qc4 Qxc4 29. Rxc4 Bxb2 30. Rb1 Ba3 31. Ra4 Bb2 32. Rxa7 Bd4 33.
Ra4 Re4 34. Kf1 1-0

[Event "GBR-ch 91st"]
[Site "Scarborough"]
[Date "2004.08.02"]
[Round "1.11"]
[White "Burrows, Martin"]
[Black "Arakhamia-Grant, Ketevan"]
[Result "0-1"]
[WhiteElo "2226"]
[BlackElo "2446"]
[PlyCount "118"]
[EventDate "2004.08.02"]
[EventType "swiss"]
[EventRounds "11"]
[EventCountry "GBR"]

1. e4 c5 2. Nf3 e6 3. d4 cxd4 4. Nxd4 Nc6 5. Nb5 d6 6. c4 Nf6 7. N1c3 a6 8. Na3
b6 9. Be2 Bb7 10. O-O Be7 11. f4 Nb8 12. Bf3 Nbd7 13. Qe1 Qc7 14. Bd2 O-O 15.
g4 h6 16. h4 d5 17. cxd5 exd5 18. e5 Ne4 19. g5 hxg5 20. hxg5 Nxe5 21. fxe5
Qxe5 22. Bxe4 Bc5+ 23. Kg2 dxe4 24. Bf4 e3+ 25. Kg3 Qe6 26. Qe2 b5 27. Nc2 Rae8
28. a3 f6 29. g6 Qf5 30. Qg4 Qxg4+ 31. Kxg4 f5+ 32. Kh3 Rf6 33. Rg1 e2 34. Rg5
Bf3 35. Kg3 Bg4 36. Re1 Ree6 37. Nb4 Rxg6 38. Rxg6 Rxg6 39. Nd3 Bd4 40. Nd5 Re6
41. Nc3 Kf7 42. Nc1 Rg6 43. Nd3 Bh5+ 44. Kh2 Re6 45. Bd2 Re8 46. Kg2 g5 47. Rh1
Kg6 48. Nd5 Bg4 49. Rc1 f4 50. Rc6+ Kf5 51. Rh6 Ke4 52. N3xf4 gxf4 53. Nxf4
e1=Q 54. Bxe1 Kxf4 55. Bg3+ Kg5 56. Rxa6 Re2+ 57. Kf1 Rxb2 58. Bd6 Bf3 59. Ke1
Be3 0-1

[Event "GBR-ch 91st"]
[Site "Scarborough"]
[Date "2004.08.02"]
[Round "1.12"]
[White "Williams, Simon K"]
[Black "Lyell, Mark"]
[Result "1-0"]
[WhiteElo "2427"]
[BlackElo "2217"]
[PlyCount "91"]
[EventDate "2004.08.02"]
[EventType "swiss"]
[EventRounds "11"]
[EventCountry "GBR"]

1. d4 f5 2. Bg5 c6 3. Nc3 Qb6 4. Rb1 d5 5. e3 Nd7 6. Bd3 e6 7. Nge2 Ngf6 8. O-O
Be7 9. b4 O-O 10. Na4 Qd8 11. Nf4 Nb6 12. Nc5 Bxc5 13. bxc5 Na4 14. Ne2 Qa5 15.
Qe1 Qxe1 16. Rfxe1 b6 17. Rb4 b5 18. f3 Bd7 19. c3 Bc8 20. Bf4 a5 21. Rbb1 Ba6
22. h3 Rf7 23. Bd6 Rfa7 24. Bc2 Kf7 25. Kf2 Nd7 26. g4 g6 27. Rg1 Re8 28. Rge1
fxg4 29. hxg4 e5 30. Rh1 Kg8 31. Rh2 e4 32. f4 Nf6 33. Rg2 Rf7 34. Ke1 h6 35.
g5 hxg5 36. Rxg5 Rg7 37. Kd2 Kf7 38. Be5 Rh8 39. Rg2 Rgh7 40. Rbg1 Nb2 41. Rxg6
Nc4+ 42. Kc1 Rh6 43. Rg7+ Ke6 44. f5+ Kxf5 45. R1g5+ Ke6 46. Nf4# 1-0

[Event "GBR-ch 91st"]
[Site "Scarborough"]
[Date "2004.08.02"]
[Round "1.13"]
[White "Storey, Charles"]
[Black "Palliser, Richard"]
[Result "0-1"]
[WhiteElo "2217"]
[BlackElo "2411"]
[PlyCount "70"]
[EventDate "2004.08.02"]
[EventType "swiss"]
[EventRounds "11"]
[EventCountry "GBR"]

1. e4 c5 2. Nf3 d6 3. d4 cxd4 4. Nxd4 Nf6 5. f3 e5 6. Nb3 Be7 7. c4 O-O 8. Nc3
a5 9. Be3 a4 10. Nc1 Qa5 11. Qd2 Na6 12. Nd5 Qxd2+ 13. Kxd2 Nxd5 14. cxd5 Bd7
15. Bxa6 bxa6 16. Nd3 Rab8 17. Rhb1 f5 18. b4 fxe4 19. fxe4 Be8 20. Rc1 Bg6 21.
Rc4 Rbc8 22. Rac1 Rxc4 23. Rxc4 Rf1 24. Rc7 Bf6 25. Nf2 Ra1 26. Rc2 h5 27. Kc3
Re1 28. Kd3 Be8 29. Rc8 Kf7 30. Rc7+ Kg6 31. Rc6 Bxc6 32. dxc6 Bd8 33. Ba7 Rc1
34. Kd2 Rxc6 35. Nd3 Bg5+ 0-1

[Event "GBR-ch 91st"]
[Site "Scarborough"]
[Date "2004.08.02"]
[Round "1.14"]
[White "Haslinger, Stewart"]
[Black "Walton, Alan J"]
[Result "1/2-1/2"]
[WhiteElo "2408"]
[BlackElo "2208"]
[PlyCount "63"]
[EventDate "2004.08.02"]
[EventType "swiss"]
[EventRounds "11"]
[EventCountry "GBR"]

1. e4 e6 2. d4 d5 3. e5 c5 4. c3 Nc6 5. Nf3 Qb6 6. a3 Nh6 7. b4 cxd4 8. cxd4
Nf5 9. Bb2 Be7 10. Bd3 O-O 11. O-O Kh8 12. Bxf5 exf5 13. Nc3 Be6 14. Na4 Qd8
15. Nc5 b6 16. Nxe6 fxe6 17. Ne1 Qd7 18. Nd3 Rac8 19. Rc1 Bg5 20. Rc3 Bh6 21.
f4 Ne7 22. h3 Rc4 23. Qb3 Rfc8 24. Rfc1 Qc7 25. b5 g5 26. Nb4 gxf4 27. Na6 Qb7
28. R1c2 f3 29. Rxc4 dxc4 30. Qxf3 Qxf3 31. gxf3 Nd5 32. Nb4 1/2-1/2

[Event "GBR-ch 91st"]
[Site "Scarborough"]
[Date "2004.08.02"]
[Round "1.16"]
[White "Dearing, Eddie"]
[Black "Ledger, Stephen C"]
[Result "1-0"]
[WhiteElo "2393"]
[BlackElo "2203"]
[PlyCount "77"]
[EventDate "2004.08.02"]
[EventType "swiss"]
[EventRounds "11"]
[EventCountry "GBR"]

1. Nf3 d5 2. d4 Nf6 3. c4 c6 4. Nc3 dxc4 5. a4 Bf5 6. Ne5 e6 7. f3 Nbd7 8. e4
Bg6 9. Nxc4 Be7 10. Bf4 O-O 11. Be2 Nb6 12. Na5 Qd7 13. O-O Rfd8 14. Nb3 h6 15.
a5 Nc8 16. Qc1 Nh7 17. Be3 Nd6 18. Rd1 b6 19. e5 Nf5 20. Bf2 Bb4 21. Ra4 Bxc3
22. bxc3 Ne7 23. c4 c5 24. Ra1 cxd4 25. Nxd4 Qc7 26. Qe3 Nf5 27. Nxf5 Bxf5 28.
Rxd8+ Rxd8 29. axb6 axb6 30. Qxb6 Qxb6 31. Bxb6 Rc8 32. c5 Nf8 33. Ra7 Bc2 34.
Ba6 Rb8 35. Bb7 Bb3 36. Bc7 Re8 37. Bd6 Nd7 38. Bc6 Rd8 39. Rxd7 1-0

[Event "GBR-ch 91st"]
[Site "Scarborough"]
[Date "2004.08.02"]
[Round "1.18"]
[White "Knott, Simon"]
[Black "Adams, David M"]
[Result "1-0"]
[WhiteElo "2359"]
[BlackElo "2180"]
[PlyCount "45"]
[EventDate "2004.08.02"]
[EventType "swiss"]
[EventRounds "11"]
[EventCountry "GBR"]

1. Nf3 d5 2. d4 Nf6 3. c4 c6 4. Nc3 dxc4 5. a4 Bf5 6. e3 e6 7. Bxc4 Bb4 8. O-O
O-O 9. Qe2 Bg6 10. Ne5 Nbd7 11. Nxg6 hxg6 12. Rd1 Qc7 13. e4 e5 14. d5 cxd5 15.
Nxd5 Nxd5 16. Bxd5 Nf6 17. Bg5 Qb6 18. Be3 Bc5 19. a5 Qb4 20. Bd2 Qxb2 21. Rdb1
Qc2 22. Rc1 Qb2 23. Ra2 1-0

[Event "GBR-ch 91st"]
[Site "Scarborough"]
[Date "2004.08.02"]
[Round "1.19"]
[White "Gregory, Stephen J"]
[Black "Hanley, Craig A"]
[Result "0-1"]
[WhiteElo "2180"]
[BlackElo "2356"]
[PlyCount "80"]
[EventDate "2004.08.02"]
[EventType "swiss"]
[EventRounds "11"]
[EventCountry "GBR"]

1. e4 e5 2. Bc4 Nf6 3. Qe2 d6 4. Nf3 Be7 5. d3 O-O 6. Nbd2 Nbd7 7. c3 c6 8. Bb3
b6 9. Nf1 Nc5 10. Bc2 Re8 11. b4 Ne6 12. g3 a5 13. bxa5 Rxa5 14. Ne3 Bf8 15.
O-O Nc5 16. Nc4 Ra8 17. Bg5 b5 18. Ne3 h6 19. Bxf6 Qxf6 20. Nd2 Bh3 21. Rfe1
Ra3 22. c4 b4 23. Reb1 Ne6 24. Qh5 Ng5 25. Rxb4 Rea8 26. Rb2 d5 27. cxd5 Bc5
28. Qe2 Bd4 29. Rab1 Bxb2 30. Rxb2 Rxa2 31. Rb1 cxd5 32. Nxd5 Qd8 33. Bd1 Qa5
34. Nb4 Ra1 35. Nb3 Nf3+ 36. Kh1 Rxb1 37. Nxa5 Rxa5 38. Nc2 Nd4 39. Qh5 Rxd1+
40. Qxd1 Nxc2 0-1

[Event "GBR-ch 91st"]
[Site "Scarborough"]
[Date "2004.08.02"]
[Round "1.20"]
[White "Sowray, Peter J"]
[Black "Hutchinson, Norman A"]
[Result "1-0"]
[WhiteElo "2349"]
[BlackElo "2176"]
[PlyCount "55"]
[EventDate "2004.08.02"]
[EventType "swiss"]
[EventRounds "11"]
[EventCountry "GBR"]

1. Nf3 Nf6 2. c4 e6 3. g3 b6 4. Bg2 Bb7 5. Nc3 Be7 6. d4 O-O 7. O-O Ne4 8. Bd2
f5 9. d5 Bf6 10. Rc1 c6 11. dxe6 dxe6 12. Nxe4 fxe4 13. Ne1 Bxb2 14. Rb1 Bd4
15. Bxe4 Nd7 16. Bb4 Bc5 17. Qc2 h6 18. Nf3 Bxb4 19. Rxb4 c5 20. Rb3 Qc7 21.
Re3 Rfe8 22. Bxb7 Qxb7 23. Rd1 Rad8 24. Red3 Qc7 25. Qd2 Re7 26. Rd6 e5 27.
Qd5+ Kf8 28. Nh4 1-0

[Event "GBR-ch 91st"]
[Site "Scarborough"]
[Date "2004.08.02"]
[Round "1.21"]
[White "Hempson, Peter"]
[Black "Gordon, Stephen"]
[Result "0-1"]
[WhiteElo "2172"]
[BlackElo "2338"]
[PlyCount "124"]
[EventDate "2004.08.02"]
[EventType "swiss"]
[EventRounds "11"]
[EventCountry "GBR"]

1. d4 Nf6 2. c4 e6 3. Nf3 b6 4. g3 Ba6 5. Qc2 Bb7 6. Bg2 c5 7. dxc5 bxc5 8. Nc3
Be7 9. O-O O-O 10. Bf4 d6 11. Rad1 Qb6 12. e4 Nbd7 13. Rfe1 Rfd8 14. b3 h6 15.
h4 Ng4 16. Nh2 Nxh2 17. Kxh2 g5 18. hxg5 hxg5 19. Bc1 Ne5 20. Qe2 Bf6 21. Na4
Qc7 22. f4 Nc6 23. fxg5 Be5 24. Bf4 Kg7 25. Qf3 Rh8+ 26. Kg1 Qe7 27. Bxe5+ Nxe5
28. Qf6+ Qxf6 29. gxf6+ Kxf6 30. Rxd6 Rac8 31. Kf2 Ke7 32. Rdd1 Rh6 33. Rh1
Rf6+ 34. Ke2 Rg8 35. Rh3 Ng4 36. Bf3 Bxe4 37. Bxe4 Nf2 38. Rh4 Nxd1 39. Kxd1
Rf2 40. g4 f5 41. Nxc5 fxe4 42. Nxe4 Rxa2 43. Rh7+ Kd8 44. g5 Rf8 45. Nf6 Rg2
46. Rd7+ Kc8 47. Rd2 Rxg5 48. Ne4 Rh5 49. Kc2 Rd8 50. Re2 Rdh8 51. Kc3 Rh2 52.
Rxh2 Rxh2 53. b4 Kc7 54. Kd4 Rh5 55. Nc5 Rh4+ 56. Ne4 Rh5 57. Nc5 Kd6 58. Ne4+
Kc6 59. b5+ Kb6 60. Nd6 Rh4+ 61. Ne4 Rxe4+ 62. Kxe4 Kc5 0-1

[Event "GBR-ch 91st"]
[Site "Scarborough"]
[Date "2004.08.02"]
[Round "1.22"]
[White "Gwaze, Robert"]
[Black "Briscoe, Christopher"]
[Result "1-0"]
[WhiteElo "2376"]
[BlackElo "2157"]
[PlyCount "157"]
[EventDate "2004.08.02"]
[EventType "swiss"]
[EventRounds "11"]
[EventCountry "GBR"]

1. e4 e5 2. Nf3 Nc6 3. Bc4 Nf6 4. d3 d5 5. exd5 Nxd5 6. O-O Bc5 7. Re1 O-O 8.
Bg5 f6 9. Nc3 Be6 10. d4 Nxd4 11. Nxd4 Bxd4 12. Bd2 Kh8 13. Bd3 Nxc3 14. bxc3
Bc5 15. Qh5 Bg8 16. Rab1 Rb8 17. a4 Qe8 18. Qh4 f5 19. Kh1 Be7 20. Bg5 Bxg5 21.
Qxg5 e4 22. f3 exd3 23. Rxe8 dxc2 24. Ree1 cxb1=Q 25. Rxb1 c6 26. h4 b5 27. Qf4
Bc4 28. Qd6 Rfc8 29. Qc5 Bd3 30. Rd1 Bc2 31. Rd7 bxa4 32. Qe5 Rg8 33. Rxa7 Ra8
34. Qa5 Rab8 35. Kh2 Rbd8 36. Qc5 Rc8 37. c4 h6 38. h5 Ra8 39. Rxa8 Rxa8 40.
Qxc6 Ra7 41. Qb6 Ra8 42. Qb7 Ra5 43. Qb4 Ra6 44. Qa3 Kg8 45. c5 Bb3 46. Qb4 Bd5
47. c6 Rxc6 48. Qb5 Bxf3 49. gxf3 Rf6 50. f4 Kh7 51. Qxa4 Rd6 52. Qb5 Rf6 53.
Kg3 Kg8 54. Qd7 Rf8 55. Kf3 Rf6 56. Ke3 Rf8 57. Kd4 Kh7 58. Ke5 Kg8 59. Qd5+
Kh7 60. Ke6 Rf6+ 61. Ke7 Kh8 62. Qe5 Ra6 63. Kf7 Ra7+ 64. Kg6 Ra6+ 65. Kxf5 Kh7
66. Qe4 Kh8 67. Qb7 Rf6+ 68. Ke5 Kh7 69. Qe7 Ra6 70. Qd8 Rc6 71. Qd3+ Kh8 72.
Qd7 Rc1 73. Ke6 Ra1 74. Kf7 Ra8 75. Qb7 Rd8 76. f5 Kh7 77. f6 Rg8 78. Qe4+ Kh8
79. Qg6 1-0

[Event "GBR-ch 91st"]
[Site "Scarborough"]
[Date "2004.08.02"]
[Round "1.23"]
[White "Smith, Graham"]
[Black "Tan, Desmond"]
[Result "0-1"]
[WhiteElo "2157"]
[BlackElo "2335"]
[PlyCount "72"]
[EventDate "2004.08.02"]
[EventType "swiss"]
[EventRounds "11"]
[EventCountry "GBR"]

1. e4 c5 2. f4 Nc6 3. Nf3 g6 4. Bb5 Nd4 5. Bc4 Bg7 6. c3 Nxf3+ 7. Qxf3 e6 8.
O-O Ne7 9. d3 d5 10. Bb5+ Bd7 11. Bxd7+ Qxd7 12. Be3 d4 13. Bf2 O-O 14. c4 e5
15. Bh4 exf4 16. Qxf4 Nc6 17. Bf6 Bxf6 18. Qxf6 Nb4 19. Nd2 Nxd3 20. b3 Qd8 21.
Qf3 Ne5 22. Qg3 f6 23. Nf3 Nxf3+ 24. gxf3 f5 25. Qe5 b6 26. Qd5+ Kg7 27. Rae1
fxe4 28. fxe4 Qe7 29. e5 Rad8 30. Qe4 Rxf1+ 31. Rxf1 d3 32. Rd1 Qd7 33. e6 Qd4+
34. Qxd4+ Rxd4 35. e7 Kf7 36. Re1 Ke8 0-1

[Event "GBR-ch 91st"]
[Site "Scarborough"]
[Date "2004.08.02"]
[Round "1.24"]
[White "Howell, David W"]
[Black "Kafka, Graeme"]
[Result "1-0"]
[WhiteElo "2334"]
[BlackElo "2143"]
[PlyCount "67"]
[EventDate "2004.08.02"]
[EventType "swiss"]
[EventRounds "11"]
[EventCountry "GBR"]

1. e4 c5 2. c3 d5 3. exd5 Qxd5 4. d4 Nf6 5. Nf3 e6 6. Be3 cxd4 7. cxd4 Nc6 8.
Nc3 Qd6 9. a3 Be7 10. Bd3 O-O 11. Qc2 Bd7 12. O-O Rad8 13. Rad1 Qb8 14. Rfe1 g6
15. h3 Rfe8 16. Bc4 Na5 17. Ba2 Bc6 18. b4 Bxf3 19. gxf3 Nc6 20. d5 exd5 21.
Nxd5 Nxd5 22. Bxd5 Ne5 23. Qb3 b5 24. Bf4 Bd6 25. Bg5 Rc8 26. Bf6 Nc4 27. Rxe8+
Rxe8 28. Bxc4 bxc4 29. Qxc4 Be5 30. Rd7 Bh2+ 31. Kg2 Rf8 32. Be7 Rc8 33. Qd5
Bf4 34. Bd6 1-0

[Event "GBR-ch 91st"]
[Site "Scarborough"]
[Date "2004.08.02"]
[Round "1.25"]
[White "Almond, Philip"]
[Black "Mannion, Stephen"]
[Result "0-1"]
[WhiteElo "2131"]
[BlackElo "2333"]
[PlyCount "104"]
[EventDate "2004.08.02"]
[EventType "swiss"]
[EventRounds "11"]
[EventCountry "GBR"]

1. c4 Nf6 2. g3 c6 3. Bg2 d5 4. Nf3 Bf5 5. b3 e6 6. O-O Nbd7 7. d3 h6 8. Nbd2
Be7 9. Bb2 O-O 10. Re1 Bh7 11. e4 dxe4 12. dxe4 Nc5 13. e5 Nfd7 14. Bc3 Qc7 15.
Re3 a5 16. Ne1 Rfd8 17. Qe2 Rab8 18. Ne4 b5 19. Rd1 b4 20. Bb2 Nxe4 21. Bxe4
Bxe4 22. Rxe4 Nc5 23. Red4 a4 24. Nd3 axb3 25. Nxc5 Bxc5 26. Rxd8+ Rxd8 27.
axb3 Qb6 28. Rxd8+ Qxd8 29. Kg2 Qd7 30. Bc1 Bd4 31. Qd3 c5 32. f4 Qa7 33. Kh3
Qa8 34. Bd2 Qa1 35. Qe2 Qb1 36. Qf3 Qc2 37. Be1 g6 38. g4 Kg7 39. Bh4 Bg1 40.
Bf6+ Kh7 41. Qg3 Qd1 42. Kg2 Bd4 43. Qf3 Qd2+ 44. Kh3 Bg1 45. Qg3 Bf2 46. Qf3
Qe1 47. Bh4 Bxh4 48. Kg2 Qd2+ 49. Kf1 Kg7 50. h3 g5 51. f5 Qe1+ 52. Kg2 Qxe5
0-1

[Event "GBR-ch 91st"]
[Site "Scarborough"]
[Date "2004.08.02"]
[Round "1.26"]
[White "Taylor, Martin R"]
[Black "Mycroft, Richard"]
[Result "0-1"]
[WhiteElo "2331"]
[BlackElo "2110"]
[PlyCount "74"]
[EventDate "2004.08.02"]
[EventType "swiss"]
[EventRounds "11"]
[EventCountry "GBR"]

1. c4 Nf6 2. g3 g6 3. Bg2 Bg7 4. Nc3 O-O 5. e4 d6 6. Nge2 c5 7. O-O Nc6 8. Rb1
Ne8 9. a3 a5 10. d3 Nc7 11. Be3 Ne6 12. Nb5 Ncd4 13. Nbxd4 Nxd4 14. Nxd4 Bxd4
15. Bxd4 cxd4 16. Qc1 e5 17. f4 Bd7 18. f5 g5 19. f6 h6 20. b4 Kh7 21. bxa5 Qc7
22. Rb3 Rxa5 23. Qc2 Rb8 24. Rfb1 Bc8 25. Bf3 g4 26. Be2 Kg6 27. Qd2 Rba8 28.
Qd1 Qd7 29. Qc1 Qe6 30. Rb5 Rxa3 31. Rd5 Qxf6 32. c5 Ra2 33. Rxd6 Be6 34. Qf1
Qg5 35. Qf2 Ra1 36. Rf1 Rxf1+ 37. Bxf1 Ra1 {The remainder of the scoresheet is
perfectly legible, but makes no sense nevertheless.} 0-1

[Event "GBR-ch 91st"]
[Site "Scarborough"]
[Date "2004.08.02"]
[Round "1.27"]
[White "Pym, Thomas"]
[Black "Muir, Andrew J"]
[Result "1/2-1/2"]
[WhiteElo "2059"]
[BlackElo "2328"]
[PlyCount "90"]
[EventDate "2004.08.02"]
[EventType "swiss"]
[EventRounds "11"]
[EventCountry "GBR"]

1. e4 c5 2. Nf3 Nc6 3. d4 cxd4 4. Nxd4 Nf6 5. Nc3 d6 6. Bg5 e6 7. a4 Be7 8.
Ndb5 O-O 9. Bxf6 Bxf6 10. Qxd6 Qa5 11. Qd2 Rd8 12. Bd3 a6 13. Na3 Bxc3 14. Qxc3
Qxa4 15. O-O Qb4 16. Qxb4 Nxb4 17. Be2 Bd7 18. c3 Nc6 19. Nc4 Rab8 20. Nb6 Be8
21. Rfd1 g5 22. g3 Ne5 23. f3 Bc6 24. Kf2 f5 25. Ke3 fxe4 26. fxe4 Kg7 27. Nc4
Nxc4+ 28. Bxc4 Kf6 29. Rf1+ Ke5 30. Ra5+ b5 31. Bd3 Rb6 32. Rf7 Ba8 33. Bc2
Rbd6 34. Rf2 Rc8 35. Bd3 Rcd8 36. Bc2 h6 37. h3 R8d7 38. Ra1 Rc7 39. Bd3 Rcd7
40. Bc2 Bb7 41. Ra5 h5 42. Ra1 Rd8 43. Ra5 h4 44. g4 Rc8 45. Bd3 Rcd8 1/2-1/2

[Event "GBR-ch 91st"]
[Site "Scarborough"]
[Date "2004.08.02"]
[Round "1.28"]
[White "Martyn, Rafe"]
[Black "Sisask, Jesper"]
[Result "0-1"]
[WhiteElo "2322"]
[BlackElo "2057"]
[PlyCount "110"]
[EventDate "2004.08.02"]
[EventType "swiss"]
[EventRounds "11"]
[EventCountry "GBR"]

1. d4 d5 2. c4 c6 3. Nc3 Nf6 4. e3 Bg4 5. Qb3 Qb6 6. f3 Be6 7. c5 Qc7 8. Qc2 g6
9. Bd3 b6 10. b4 a5 11. cxb6 Qxb6 12. b5 cxb5 13. Nxb5 Na6 14. Bd2 Bh6 15. Ne2
O-O 16. a3 Bf5 17. Nec3 Qe6 18. Kf2 Rfc8 19. Rab1 Kh8 20. Rhe1 Bxd3 21. Qxd3
Nb8 22. Na4 Nbd7 23. Rec1 Qa6 24. Ke2 Ne8 25. h3 e6 26. Rxc8 Rxc8 27. Rc1 Rxc1
28. Bxc1 Bf8 29. Bd2 h5 30. Bc3 Be7 31. Bb2 Kg8 32. Nac3 Nb6 33. g4 hxg4 34.
hxg4 Nc4 35. Bc1 Ned6 36. a4 Qc8 37. Nxd6 Bxd6 38. Nb5 Bb4 39. Qc2 Qd8 40. Kd3
Qh4 41. Qe2 Nb6 42. Bd2 Bxd2 43. Qxd2 Nc4 44. Qe2 Qh1 45. Nc3 Qc1 46. Nd1 Qa3+
47. Nc3 Nb2+ 48. Kd2 Nxa4 49. Nxa4 Qxa4 50. Qa6 Qb4+ 51. Ke2 a4 52. Kf2 a3 53.
Kg3 Qb2 54. Qa5 a2 55. Qd8+ Kg7 0-1